| 000 -LEADER |
| fixed length control field |
01622nam a2200277Ia 4500 |
| 001 - CONTROL NUMBER |
| control field |
10547 |
| 003 - CONTROL NUMBER IDENTIFIER |
| control field |
GE_BSU |
| 008 - FIXED-LENGTH DATA ELEMENTS--GENERAL INFORMATION |
| fixed length control field |
181216s||||||||xx |||||||||||||| ||und|| |
| 020 ## - INTERNATIONAL STANDARD BOOK NUMBER |
| International Standard Book Number |
9789941180767 |
| 040 ## - CATALOGING SOURCE |
| Transcribing agency |
GE_BSU |
| 080 ## - UNIVERSAL DECIMAL CLASSIFICATION NUMBER |
| Universal Decimal Classification number |
81'255=14'04+091(=353.1)+27-277.2 |
| 100 ## - MAIN ENTRY--PERSONAL NAME |
| Personal name |
ოთხმეზური,თამარ |
| 245 ## - TITLE STATEMENT |
| Title |
კომენტარული ჟანრი შუა საუკუნეების ქართულ მთარგმნელობით ტრადიციაში |
| 245 ## - TITLE STATEMENT |
| Remainder of title |
ეფრემ მცირე დაც გრიგოლ ღვთისმეტყველის თხზულებათა კომენტარები |
| 245 ## - TITLE STATEMENT |
| Statement of responsibility, etc. |
რედ. ანა ხარანაული |
| 260 ## - PUBLICATION, DISTRIBUTION, ETC. |
| Place of publication, distribution, etc. |
თბილისი |
| 260 ## - PUBLICATION, DISTRIBUTION, ETC. |
| Name of publisher, distributor, etc. |
ილიას სახ.უნ–ტი |
| 260 ## - PUBLICATION, DISTRIBUTION, ETC. |
| Date of publication, distribution, etc. |
2011 |
| 300 ## - PHYSICAL DESCRIPTION |
| Extent |
318გვ.24სმ. |
| 300 ## - PHYSICAL DESCRIPTION |
| Other physical details |
ბიბლიოგრ.ტექსტის შენიშვნ.გვ.289-310 |
| 300 ## - PHYSICAL DESCRIPTION |
| Accompanying material |
საკუთარ სახელთა საძ.გვ.311-317.რეზ.ინგ.ენაზე |
| 653 ## - INDEX TERM--UNCONTROLLED |
| Uncontrolled term |
თარგმანი ბიზანტიური ენიდან; ლიტურგიული ტექსტების კომენტარები; ქართული ხელნაწერები |
| 653 ## - INDEX TERM--UNCONTROLLED |
| Uncontrolled term |
კომენტარული ჟანრი შუა საუკუნეების ქართულ მთარგმნელობით ტრადიციაში |
| 942 ## - ADDED ENTRY ELEMENTS (KOHA) |
| Koha item type |
წიგნი |